000 01553nam0a2200349 i 4500
001 RU\NLR\bibl\2044348
005 20260408102853.0
010 _a9785895661215
_9200
021 _aRU
_b2013-37488
_92568
035 _a(nilc)RuMoRGB-006577865
035 _a(NLR Aleph) 002031570
090 _a4552992
_c4552992
100 _a20130513d2013 u y0rusy50 ca
101 0 _arus
102 _aRU
105 _aa zzzz|||||
200 1 _aХарючи Галина Павловна: тропою науки
_e[к 60-летию со дня рождения]
_fГос. казенное учреждение Ямало-Ненецкого авт. окр. "Науч. центр изучения Арктики"
210 _aСанкт-Петербург
_cИсторические иллюстрации
_d2013
215 _a39 с., [4] л. ил., портр., цв. ил.
_cпортр.
_d22
600 1 _aХарючи
_bГ.П.
_f1953
_gГалина Павловна
_92153575
_3RU\NLR\auth\661601443
686 _aЧ33(2Р-4Тю-6Я)7-8Харючи
686 _aТ5г(2)74д
702 1 _aХарючи
_bГ. П.
_f1953-
_gГалина Павловна
_4570
712 0 2 _4570
_aНаучный центр изучения Арктики
_cСалехард
_3RU\NLR\AUTH\8810241996
_9369863
801 0 _aRU
_bRuMoRKP
_c20130513
_gRCR
801 2 _aRU
_bРГБ
_c20130531
_grcr
801 1 _aRU
_bRuMoRKP
_c20130513
_2rusmarc
801 2 _aRU
_bNLR
_c20130618
_grcr
942 _cBOOK
980 _aNBR